LEADER 00798nam a2200181 i 4500 001 000000037585 003 CaOOAMICUS 005 19931231000000.0 008 931231n it u000 u ita u 013 $a7892 040 $aSeMil$bita 110 0 $aTouring Club Italiano.$0(OLS)http://semarc/name/2273 245 10$aLondra e dintorni. Milano :$bTouring Club Italiano, 1968. 200 p. : c. geogr. ; 23 cm. (Guida d'Europa). 650 4$aLondra - Guide.$0(OLS)http://semarc/subject/7316 850 $aSeMil 852 $aSeMil$W1$xVenegono$y1$m4Y IV 64$j3740$B3740$CSeMilBibl$Z2$F3740 $81 961 $aOmaggio: Biblioteca Seminario Seveso (fino al 1985) 996 $6245$aLondra e dintorni. Milano :$bTouring Club Italiano, 1968. 200 p. : c. geogr. ; 23 cm. (Guida d'Europa).$9(OLS)http://semarc/title/52695 LEADER 00824nam a2200217 i 4500 001 000000088851 003 CaOOAMICUS 005 20160810000000.0 008 160810s1767 xx u000 u fre u 013 $a61092 026 $aesde utje eru- daet (3) 1767 (R) 040 $aSeMil$bita 245 10$aTome 1. 300 $axvi, 353, [3] p. 500 $aSegn. : a8 A-2E8/4 2F6 2G4. 773 0 $aLe Mercier de La Rivière, Pierre-Paul$tOrdre naturel et essentiel des societes politiques. Tome 1. [-2.].$dA Londres : Chez Jean Nourse ; Et se trouve à Paris : Desaint, rue du Foin S. Jacques, 1767.$g1$w()33314 850 $aSeMil 852 $aSeMil$W1$xVenegono$y1$m3L I 57 FA$j52048$B52048$CSeMilBibl$Z2$F56451 $8I 941 1 $a10 961 $aRecupero: Mantegazza 996 $6245$aTome 1$9(OLS)http://semarc/title/1447